000 00635cam a2200181 4500500
005 20260111080418.0
041 _afre
042 _adc
100 1 0 _aBroussolle, Yves
_eauthor
245 0 0 _aDes sociétés d’économie mixte locales insuffisamment contrôlées
260 _c2020.
500 _a72
690 _afinances locales
690 _asecteur public local
690 _asociétés d’économie mixte
786 0 _nGestion & Finances Publiques | 3 | 3 | 2020-06-22 | p. 29-33 | 1969-1009
856 4 1 _uhttps://droit.cairn.info/revue-gestion-et-finances-publiques-2020-3-page-29?lang=fr&redirect-ssocas=7080
999 _c1616276
_d1616276